Influence of the global economic crisis on consumer behaviour in Slovakia /

Main Author: Chebeň, Juraj
Corporate Author: Vysoká škola ekonomická v Praze
Other Authors: Hudáčková, Lucia
Language: English
Published: Praha : Oeconomica, 2010
Series: Faculty of International Relations Working papers, vol. IV, 9/2010
Subjects:
Physical Description: 19 s. ; 25 cm
Language note: Souběžné české resumé
Book
Saved in:
LEADER 02007nam a2200529 a 4500
001 nkc20112159769
003 CZ PrNK
005 20120106141909.0
007 ta
008 110106s2010 xr f 000 0 eng
015 |a cnb002159769 
020 |a 978-80-245-1716-2  |q (brož.) 
035 |a (OCoLC)713794413 
040 |a OLA001  |b cze  |d ABA001 
041 0 |a eng  |b cze 
043 |a e-xo--- 
045 |a y0y1 
072 7 |a 366  |x Ochrana spotřebitele. Chování spotřebitele  |2 Konspekt  |9 18 
080 |a 338.124.4  |2 MRF 
080 |a 366.1  |2 MRF 
080 |a (437.6)  |2 MRF 
080 |a (048.8)  |2 MRF 
100 1 |a Chebeň, Juraj  |7 xx0132399  |4 aut 
245 1 0 |a Influence of the global economic crisis on consumer behaviour in Slovakia /  |c Juraj Chebeň, Lucia Hudáčková 
260 |a Praha :  |b Oeconomica,  |c 2010 
300 |a 19 s. ;  |c 25 cm 
490 1 |a Faculty of International Relations Working papers,  |x 1802-6591 ;  |v vol. IV, 9/2010 
500 |a Na obálce název edice: Working papers Fakulty mezinárodních vztahů 
504 |a Obsahuje bibliografii 
546 |a Souběžné české resumé 
550 |a Vydavatel: Vysoká škola ekonomická v Praze 
648 7 |a 2001-2010  |7 ch460588  |2 czenas 
648 4 |a 2008-2010 
650 0 7 |a hospodářská krize  |7 ph120819  |y 2001-2010  |2 czenas 
650 0 7 |a spotřebitelské chování  |7 ph125966  |z Slovensko  |y 2001-2010  |2 czenas 
650 0 9 |a economic crises  |y 2001-2010  |2 eczenas 
650 0 9 |a consumer behavior  |z Slovakia  |y 2001-2010  |2 eczenas 
655 7 |a studie  |7 fd133597  |2 czenas 
655 9 |a studies  |2 eczenas 
700 1 |a Hudáčková, Lucia  |7 xx0132401  |4 aut 
710 2 |a Vysoká škola ekonomická v Praze  |7 kn20010709403 
810 2 |a Vysoká škola ekonomická v Praze.  |b Fakulta mezinárodních vztahů.  |t Working papers  |0 s 
910 2 |a BOA001  |b 2-1261.515 
990 |a BK 
995 |a 01 
991 |b 201103  |c NOV  |e n 
996 6 |b 2610468510  |c 2-1261.515  |l MZK  |r Sklad / do 1 hodiny  |n 2  |p p.v.  |w 001169768  |u 000010  |a 1  |e BOA001  |j MZK50  |s P